00393nam a2200145Ia 45000010006000000050017000060080041000230400013000640820016000771000027000932450100001202600009002203000011002295460007002401384620260429121410.0140402s9999 xx 000 0 und d cPK-LaUMT a 306bMAU-T1 aMaududi, Syed Abul Ala a(تنقیحات)Tanqehaat /c(مولانا سید ابو المودودی)Syed Abul Ala Maududi c1998 a256 p. aEN